00570nam a2200145Ia 4500008004100000024001500041082001800056100002300074245011500097260002500212600002100237650003800258952011100296999001700407250506s9999 xx 000 0 und d a11B-026-BS a005.43072 OSA aS. M. Osama Farooq 0aEfficient System for Restraining Criminal Activities (Prison Office Management Information System) (CODE BOOK) aKarachi:bUIT,c2011 aComputer Science aBachelor of Computer Science (BS) 001040708PR-CSaUITUbUITUd2022-07-26l0o005.43072 OSApBS-548-Ar2025-05-06 11:34:38w2025-05-06yPR c28808d28808